<?xml version="1.0" encoding="UTF-8"?><?xml-stylesheet type="text/xsl" href="static/style.xsl"?><OAI-PMH xmlns="http://www.openarchives.org/OAI/2.0/" xmlns:xsi="http://www.w3.org/2001/XMLSchema-instance" xsi:schemaLocation="http://www.openarchives.org/OAI/2.0/ http://www.openarchives.org/OAI/2.0/OAI-PMH.xsd"><responseDate>2026-04-17T04:15:51Z</responseDate><request verb="GetRecord" identifier="oai:www.recercat.cat:2117/356717" metadataPrefix="marc">https://recercat.cat/oai/request</request><GetRecord><record><header><identifier>oai:recercat.cat:2117/356717</identifier><datestamp>2025-07-23T01:54:07Z</datestamp><setSpec>com_2072_1033</setSpec><setSpec>col_2072_452951</setSpec></header><metadata><record xmlns="http://www.loc.gov/MARC21/slim" xmlns:dcterms="http://purl.org/dc/terms/" xmlns:xsi="http://www.w3.org/2001/XMLSchema-instance" xmlns:doc="http://www.lyncode.com/xoai" xsi:schemaLocation="http://www.loc.gov/MARC21/slim http://www.loc.gov/standards/marcxml/schema/MARC21slim.xsd">
   <leader>00925njm 22002777a 4500</leader>
   <datafield ind2=" " ind1=" " tag="042">
      <subfield code="a">dc</subfield>
   </datafield>
   <datafield ind2=" " ind1=" " tag="720">
      <subfield code="a">García Toledo, Òscar</subfield>
      <subfield code="e">author</subfield>
   </datafield>
   <datafield ind2=" " ind1=" " tag="260">
      <subfield code="c">2021-06-29</subfield>
   </datafield>
   <datafield ind2=" " ind1=" " tag="520">
      <subfield code="a">Every single day, researchers and developers find new ways where VR devices could be used to provide considerable benefits to a variety of fields. The cheap entry price, alongside with the lack of real-world consequences, makes it a really attractive prospect in fields such as medicine and vehicle driving simulations. Moreover, the current COVID-19 crisis is affecting training scenarios that would otherwise have been done in person, due to both the lack of resources and the risk of contagion, especially in the medical field. This project aims to provide a portable system that allows nursing personnel to create, configure, and play training sessions in an immersive virtual environment. Thanks to the accessible Oculus Quest, it provides an environment for easily creating training sessions, and experiencing these sessions in an immersive experience through the use of a VR headset and controllers.</subfield>
   </datafield>
   <datafield ind2=" " ind1=" " tag="520">
      <subfield code="a">Cada dia, investigadors i desenvolupadors troben noves maneres en les quals els dispositius VR podrien ser utilitzats per a beneficiar a una varietat de camps. El baix cost inicial, conjuntament a la mancança de risc real, fa que aquest prospecte resulti atractiu per a certs camps com el de la medicina i el de les simulacions de conducció de vehicles. A més a més, la situació actual del COVIC-19 esta afectant a l'entrenament de personal que s'hauria d'haver realitzat en persona, ja sigui per culpa d'una mancança de recursos o el risc de contagi, especialment en el camp de la medicina. L'objectiu d'aquest projecte és proporcionar un sistema portàtil que permeti al personal d'infermeria crear, configurar, i reproduir sessions d'entrenament en un ambient virtual. Gracies a l'accessibilitat de l'Oculus Quest, es proporciona un entorn per a la fàcil creació de sessions d'entrenament, i per a experimentar aquestes sessions en una experiència immersiva emprant els cascs i controladors VR.</subfield>
   </datafield>
   <datafield tag="653" ind2=" " ind1=" ">
      <subfield code="a">Àrees temàtiques de la UPC::Informàtica::Sistemes d'informació::Interacció home-màquina</subfield>
   </datafield>
   <datafield tag="653" ind2=" " ind1=" ">
      <subfield code="a">Virtual reality</subfield>
   </datafield>
   <datafield tag="653" ind2=" " ind1=" ">
      <subfield code="a">Three-dimensional display systems</subfield>
   </datafield>
   <datafield tag="653" ind2=" " ind1=" ">
      <subfield code="a">Realitat Virtual</subfield>
   </datafield>
   <datafield tag="653" ind2=" " ind1=" ">
      <subfield code="a">Gràfics</subfield>
   </datafield>
   <datafield tag="653" ind2=" " ind1=" ">
      <subfield code="a">Unity</subfield>
   </datafield>
   <datafield tag="653" ind2=" " ind1=" ">
      <subfield code="a">Infermeria</subfield>
   </datafield>
   <datafield tag="653" ind2=" " ind1=" ">
      <subfield code="a">3D</subfield>
   </datafield>
   <datafield tag="653" ind2=" " ind1=" ">
      <subfield code="a">C#</subfield>
   </datafield>
   <datafield tag="653" ind2=" " ind1=" ">
      <subfield code="a">Oculus Quest</subfield>
   </datafield>
   <datafield tag="653" ind2=" " ind1=" ">
      <subfield code="a">Android</subfield>
   </datafield>
   <datafield tag="653" ind2=" " ind1=" ">
      <subfield code="a">Virtual Reality</subfield>
   </datafield>
   <datafield tag="653" ind2=" " ind1=" ">
      <subfield code="a">Graphics</subfield>
   </datafield>
   <datafield tag="653" ind2=" " ind1=" ">
      <subfield code="a">Unity</subfield>
   </datafield>
   <datafield tag="653" ind2=" " ind1=" ">
      <subfield code="a">Nursery</subfield>
   </datafield>
   <datafield tag="653" ind2=" " ind1=" ">
      <subfield code="a">Realitat virtual</subfield>
   </datafield>
   <datafield tag="653" ind2=" " ind1=" ">
      <subfield code="a">Visualització tridimensional (Informàtica)</subfield>
   </datafield>
   <datafield ind2="0" ind1="0" tag="245">
      <subfield code="a">3D object interaction and manipulation in VR nursery training applications</subfield>
   </datafield>
</record></metadata></record></GetRecord></OAI-PMH>